000 00656nam a22001457a 4500
020 _a978-1-4169-0067-2
082 _a823
_bDIX/H
100 _aDIXON, FRANKLIN W
245 _aTHE HARDY BOYS - OPERATION:SURVIVAL
260 _aNEW YORK
_bALADDIN PAPERBACKS
_c2005
300 _a148
520 _aIn Operation: Survival, Frank and Joe Hardy are sent to a camp for troubled boys where they are to investigate the murder of Zack Maguire and the strange and suspicious activities going on at the camp by the camp leader, its counselors, and potentially other boys that may fall victim to what's going on.
650 _aMYSTERY STORY
_zUNITED STATES
942 _cBK
999 _c7759
_d7759